| 000 | 00995nam0a2200313 4500 | ||
|---|---|---|---|
| 001 | RU\NLR\bibl\1941746 | ||
| 005 | 20250616203252.0 | ||
| 010 | _a978-5-91926-143-8 | ||
| 021 |
_aRU _b2012-59044 _94330 |
||
| 035 | _a(NLR Aleph) 001931017 | ||
| 090 |
_a3435791 _c3435791 |
||
| 100 | _a20120905d2012 |||y0rusy50 ca | ||
| 101 | 0 | _arus | |
| 102 | _aRU | ||
| 105 | _aa ||||||||| | ||
| 200 | 1 |
_a365 молитв на каждый день _f[сост.: С.В. Рудзиевская] |
|
| 210 |
_aМосква _cРоосса _d[2012] |
||
| 215 |
_a607 с. _cцв. ил., портр. _d17 |
||
| 608 |
_aМолитвословы _92083540 _3RU\NLR\auth\661259604 |
||
| 686 | _aЭ372.24-507 | ||
| 702 | 1 |
_aРудзиевская _bС. В. _gСветлана Викторовна _4220 |
|
| 801 | 0 |
_aRU _bNLR _c20120905 _gRCR |
|
| 801 | 1 |
_aRU _bNLR _c20120905 |
|
| 830 | _aавт. по ЭК | ||
| 942 | _cBOOK | ||
| 980 | _aNB | ||